日本の大手・準大手監査法人 - Statistics

General Stats
  • This quiz has been taken 19 times
  • The average score is 3 of 8
Answer Stats
Answer % Correct
有限責任あずさ監査法人
94%
有限責任監査法人トーマツ
88%
EY新日本有限責任監査法人
41%
太陽有限責任監査法人
18%
東陽監査法人
12%
仰星監査法人
6%
三優監査法人
6%
PwC Japan有限責任監査法人
6%
No matching quizzes found
Score Distribution
Percent of People with Each Score
Percentile by Number Answered
Your Score History
You have not taken this quiz